Effectively management plan of forestry community in chambok commune phnomsrouch district kampongspeu province, ផែនការគ្រប់គ្រងសហគមន៍ព្រៃឈើអោយមានប្រសិទ្ធភាពនៅក្នុងឃុំចំបក់ ស្រុកភ្នំស្រូច ខេត្តកំពង់ស្ពឺ (Record no. 3254)

000 -LEADER
fixed length control field 00731nam a22001577a 4500
003 - CONTROL NUMBER IDENTIFIER
control field OSt
005 - DATE AND TIME OF LATEST TRANSACTION
control field 20151108152546.0
008 - FIXED-LENGTH DATA ELEMENTS--GENERAL INFORMATION
fixed length control field 151108b xxu||||| |||| 00| 0 eng d
040 ## - CATALOGING SOURCE
Transcribing agency RUA
082 ## - DEWEY DECIMAL CLASSIFICATION NUMBER
Classification number FOR CHI 2003 B129 Or.1
100 ## - MAIN ENTRY--PERSONAL NAME
9 (RLIN) 3488
Personal name CHIN, DY.
245 ## - TITLE STATEMENT
Title Effectively management plan of forestry community in chambok commune phnomsrouch district kampongspeu province, ផែនការគ្រប់គ្រងសហគមន៍ព្រៃឈើអោយមានប្រសិទ្ធភាពនៅក្នុងឃុំចំបក់ ស្រុកភ្នំស្រូច ខេត្តកំពង់ស្ពឺ
260 ## - PUBLICATION, DISTRIBUTION, ETC. (IMPRINT)
Place of publication, distribution, etc. Phnom Penh
Name of publisher, distributor, etc. RUA
Date of publication, distribution, etc. 2003
300 ## - PHYSICAL DESCRIPTION
Extent 80p.
Other physical details ill.
Dimensions 29cm.
942 ## - ADDED ENTRY ELEMENTS (KOHA)
Source of classification or shelving scheme
Koha item type FOR
Holdings
Price effective from Date last seen Permanent Location Not for loan Date acquired Source of classification or shelving scheme Koha item type Lost status Withdrawn status Date last checked out Total Checkouts Shelving location Damaged status Barcode Current Location Full call number
2015-11-082016-07-04Library Block B 2015-11-08 FOR  2016-06-121B129 RUA028774Library Block BFOR CHI 2003 B129 Or.1
មជ្ឈមណ្ឌលឯការនៃសាកលវិទ្យាល័យភូមិន្ទកសិកម្មចំការដូង

Powered by Koha